Playboy Playmates 09 Quiz Stats

 Plays Quiz not verified by Sporcle

Challenge
Share
Tweet
Embed
Score 0/12 Timer 10:00
0 Plays Today
Month Playmate Name % Correct
Miss JulyKarissa Shannon
87.5%
Miss AugustKristina Shannon
84.4%
Miss MayCrystal McCahill
75%
Miss FebruaryJessica Burciaga
71.9%
Miss AprilHope Dworaczyk
71.9%
Miss DecemberCrystal Harris
71.9%
Miss JanuaryDasha Astafieva
68.8%
Miss SeptemberKimberly Phillips
68.8%
Miss MarchJennifer Pershing
65.6%
Miss JuneCandice Cassidy
56.3%
Miss OctoberLindsey Gayle Evans
56.3%
Miss NovemberKelley Thompson
56.3%

You're not logged in!

Compare scores with friends on all Sporcle quizzes.
OR
Log In

You Might Also Like...

Show Comments

Extras

Created Jan 6, 2010ReportNominate
Tags:month, playboy

Top Quizzes Today


Score Distribution

Your Account Isn't Verified!

In order to create a playlist on Sporcle, you need to verify the email address you used during registration. Go to your Sporcle Settings to finish the process.

Report this User

Report this user for behavior that violates our Community Guidelines.

Details: